Радиационный γ-отжиг карбида кремния, облученного в реакторе БОР-60; Атомная энергия; Т. 97, вып. 4

Detalles Bibliográficos
Parent link:Атомная энергия: теоретический и научно-технический журнал/ Российская академия наук ; Министерство РФ по атомной энергии, ядерного общества.— , 1956-.— 0004-7163
Т. 97, вып. 4.— 2004.— с. 275-280
Autor principal: Николаенко В. А.
Otros Autores: Субботин А. В.
Lenguaje:ruso
Publicado: 2004
Colección:Статьи
Materias:
Formato: Capítulo de libro
KOHA link:https://koha.lib.tpu.ru/cgi-bin/koha/opac-detail.pl?biblionumber=426133

MARC

LEADER 00000naa2a2200000 4500
001 426133
005 20231101074507.0
035 |a (RuTPU)RU\TPU\prd\84826 
035 |a RU\TPU\prd\31742 
090 |a 426133 
100 |a 20100629a2004 k y0rusy50 ca 
101 0 |a rus 
102 |a RU 
200 1 |a Радиационный γ-отжиг карбида кремния, облученного в реакторе БОР-60  |f В. А. Николаенко, А. В. Субботин 
225 1 |a Статьи 
320 |a Библиогр.: 7 назв. 
461 1 |0 (RuTPU)RU\TPU\prd\33  |x 0004-7163  |t Атомная энергия  |o теоретический и научно-технический журнал  |f Российская академия наук ; Министерство РФ по атомной энергии, ядерного общества  |d 1956- 
463 1 |0 (RuTPU)RU\TPU\prd\84821  |t Т. 97, вып. 4  |v с. 275-280  |d 2004 
610 1 |a карбид кремния 
610 1 |a облучение 
610 1 |a кубическая модификация β-SiC 
610 1 |a реактор БОР-60 
610 1 |a радиационная поврежденность 
610 1 |a кристалические решетки 
610 1 |a насыщение 
610 1 |a изохронный отжиг 
610 1 |a отжиг дефектов 
610 1 |a γ-излучение 
675 |a 621.039.6  |v 3 
700 1 |a Николаенко  |b В. А. 
701 1 |a Субботин  |b А. В. 
801 1 |a RU  |b 63413507  |c 20050117  |g PSBO 
801 2 |a RU  |b 63413507  |c 20100630  |g RCR 
942 |c BK